000 00755cam a22002653a 4500
001 4714
003 PGUSA
005 20140828083105.0
008 060413s2006||||xxu|||||s|||||000 1 eng d
040 _aPGUSA
_beng
042 _adc
050 4 _aPS
100 1 _aLee, Jennette,
_d1860-1951
245 1 0 _aMr. Achilles
_h[electronic resource] /
_cJennette Lee
260 _bProject Gutenberg,
_c2006
506 _aPublic domain in the USA.
516 _aElectronic text
653 _aChicago (Ill.) -- Fiction
653 _aFriendship -- Fiction
653 _aGreeks -- United States -- Fiction
653 _aChildren of the rich -- Fiction
830 0 _aProject Gutenberg
_v4714
856 4 0 _uhttp://www.gutenberg.org/ebooks/4714
942 _cEB
999 _c234043
_d234043